|
|
|
|
| LEADER |
00000nab a2200000uu 4500 |
| 001 |
vtls010877824 |
| 003 |
SK-MaSNL |
| 005 |
20260303163313.0 |
| 008 |
230303|2003 xo |||||||||||||||||eng| |
| 015 |
|
|
|a SNBRB
|
| 035 |
|
|
|a (urnnbn)urn:nbn:sk:snk:ar-005txr
|
| 035 |
|
|
|a (uuid)6de8b09f-9276-4db8-ba5f-e39e615b6db0
|
| 035 |
|
|
|a urn:nbn:sk:snk-ab7m5j
|
| 040 |
|
|
|a SNKBUCL
|b slo
|c SNKBUCL
|e AACR2
|
| 041 |
0 |
|
|a eng
|
| 044 |
|
|
|a xo
|c SK
|
| 100 |
1 |
|
|a Mikleš, Ján,
|d 1938-
|4 aut
|9 212392
|
| 245 |
1 |
0 |
|a An Iterative Identification and Control Design of a Chemical Reactor
|c J. Mikleš, Š. Kožka
|
| 700 |
1 |
|
|a Kožka, Štefan
|4 aut
|9 803302
|
| 773 |
0 |
|
|t Chemical papers
|g Roč. 57, č. 5 (2003), s. 335-341
|
| 958 |
|
|
|a OND
|
| 958 |
|
|
|a EUIPO
|
| 958 |
|
|
|a article8
|
| 999 |
|
|
|c 2059622
|d 2061552
|